DIPTEROCARP forest ecosystems : towards sustainable management

Bibliographic Details
Other Authors: Schone, Schulte
Format: Book
Published: Singapore : World Scientific , 1996
Subjects:

MARC

LEADER 00000cam a2200000 7i4500
001 0000000124
005 20020516.0
020 0 0 |a 9810227299 
090 0 0 |a R634.90913   |b DIP 1996 
245 0 0 |a DIPTEROCARP forest ecosystems :   |b towards sustainable management   |c editors Andreas Schulte and Dieter Schone 
260 0 0 |a Singapore :   |b World Scientific ,   |c 1996 
300 |a xiv, 666 p. :   |b ill. (some col.), maps ;   |c 26 cm. 
500 0 0 |a Includes bibliographical references and index 
650 0 0 |a Dipterocarpaceae   |x Ecology   |z Asia, Southeastern 
650 0 0 |a Rain forest ecology   |z Asia, Southeastern 
650 0 0 |a Rain forests   |z Asia, Southeastern   |x Management 
650 0 0 |a Sustainable forestry   |z Asia, Southeastern 
700 0 1 |a Schone   |h Dieter 
700 0 1 |a Schulte   |h Andreas 
998 |a JPSM 
999 |a 0000001221   |b Monograph   |c Reference   |e Default branch 
999 |a 0000003178   |b Monograph   |c Open Shelf   |e Default branch 
999 |a 0000003179   |b Monograph   |c Reference   |e Default branch